Detalles MARC
| 000 -LEADER |
| fixed length control field |
01809nam a2200301 a 4500 |
| 001 - CONTROL NUMBER |
| control field |
000048971 |
| 003 - CONTROL NUMBER IDENTIFIER |
| control field |
DO-SdBNP |
| 005 - DATE AND TIME OF LATEST TRANSACTION |
| control field |
20210524121734.0 |
| 008 - FIXED-LENGTH DATA ELEMENTS--GENERAL INFORMATION |
| fixed length control field |
190510s2018 dr r 000 0 spa d |
| 020 ## - INTERNATIONAL STANDARD BOOK NUMBER |
| International Standard Book Number |
9789945503333 |
| 040 ## - CATALOGING SOURCE |
| Original cataloging agency |
BPMSU |
| Language of cataloging |
spa |
| Transcribing agency |
BPMSU |
| 082 ## - DEWEY DECIMAL CLASSIFICATION NUMBER |
| Classification number |
972.9304 |
| Item number |
C957g |
| Edition number |
22 |
| 100 1# - MAIN ENTRY--PERSONAL NAME |
| Personal name |
Cruz, Juan de la, |
| Dates associated with a name |
1963- |
| 245 13 - TITLE STATEMENT |
| Title |
La guerra de la restauración : |
| Remainder of title |
triunfo del pueblo dominicano en armas / |
| Statement of responsibility, etc. |
Juan de la Cruz. |
| 260 ## - PUBLICATION, DISTRIBUTION, ETC. (IMPRINT) |
| Place of publication, distribution, etc. |
Santo Domingo : |
| Name of publisher, distributor, etc. |
Ministerio de Culutra; |
| -- |
Ediotora Nacional, |
| Date of publication, distribution, etc. |
2018. |
| 300 ## - PHYSICAL DESCRIPTION |
| Extent |
332 p. ; |
| Dimensions |
21 cm. |
| 490 0# - SERIES STATEMENT |
| Series statement |
Historia |
| 500 ## - GENERAL NOTE |
| General note |
Incluye datos biográficos del autor en la solapa de la cubierta |
| 500 ## - GENERAL NOTE |
| General note |
Jurado : Marcio Veloz Maggiolo, César Cuello y José Antinoe Fiallo. |
| 505 ## - FORMATTED CONTENTS NOTE |
| Formatted contents note |
La anexión de la República Dominicana a España-- Primeros conatos de rebelión popular contra la anexión -- Características de la guerra, actores sociales y líderes restauradores -- Tipos de guerra y métodos de lucha -- Logísticas del ejército restaurador -- Las acciones de Capotillo y la Línea Noroeste -- La batalla decisiva de Santiago de los Caballeros -- Las batallas pertinaces de Puerto Plata -- Retorno y exilio diplomático involuntario del general Juan Pablo Duarte -- Principales batallas y combates en el frente Este -- Principales acciones y batallas en el frente Sur -- Derrota de las tropas españolas y evacuación desde Santo Domingo -- Bibliografía. |
| 586 ## - AWARDS NOTE |
| Awards note |
Premio Anual de Historia José Gabriel García, 2017 |
| 590 ## - LOCAL NOTE (RLIN) |
| Local note |
Inventariado, 2021/VM |
| 650 ## - SUBJECT ADDED ENTRY--TOPICAL TERM |
| Topical term or geographic name as entry element |
|
| 651 #4 - SUBJECT ADDED ENTRY--GEOGRAPHIC NAME |
| Geographic name |
República Dominicana |
| General subdivision |
Historia |
| Chronological subdivision |
Restauración 1863-1865 |
| 710 2# - ADDED ENTRY--CORPORATE NAME |
| Corporate name or jurisdiction name as entry element |
Ministerio de Culutra (República Dominicana) |
| 711 2# - ADDED ENTRY--MEETING NAME |
| Meeting name or jurisdiction name as entry element |
Premio Anual de Historia José Gabriel García |
| Date of meeting |
(2017: |
| Location of meeting |
Santo Domingo) |
| 942 ## - ADDED ENTRY ELEMENTS (KOHA) |
| Source of classification or shelving scheme |
Dewey Decimal Classification |
| Koha item type |
Libros |